000
00324nam a2200133Ia 4500
100
_a
Chandrakant Boit
650
_a
General
942
_c
BK
654
_a
Navudyogjagansadi Ubyukt Saskya yogna
245
_a
Navudyogjagansadi Ubyukt Saskya yogna
260
_b
Priya Prakashan
_a
Thane
300
_a
50
546
_a
MARATHI
999
_c
31137
_d
31137